[Event "C'Chartres Blitz op April"]
[Site "Europe Echecs INT"]
[Date "2021.04.10"]
[Round "6"]
[White "Becue, Herve"]
[Black "Brunner, Nicolas"]
[Result "0-1"]
[WhiteElo "1886"]
[BlackElo "2418"]
[PlyCount "66"]
[EventDate "2021.04.10"]
[EventType "swiss (blitz)"]
[EventRounds "11"]
[EventCountry "FRA"]
[SourceTitle "CBM 201 Extra"]
[Source "ChessBase"]
[SourceDate "2021.05.31"]
[SourceVersion "1"]
[SourceVersionDate "2021.05.31"]
[SourceQuality "1"]

1. e4 c5 2. Nc3 e6 3. d3 Nc6 4. f4 d5 5. Nf3 Nf6 6. e5 Nd7 7. Be2 Be7 8. 0-0 0-0 9. Qe1 Rb8 10. Bd2 b5 11. a3 a5 12. Rb1 b4 13. axb4 axb4 14. Nd1 Ra8 15. Qg3 Kh8 16. Ne3 f6 17. Ng4 f5 18. Ne3 Nd4 19. Bd1 Ba6 20. Re1 Qb6 21. Nxd4 cxd4 22. Nf1 Rfc8 23. Kh1 b3 24. cxb3 Nc5 25. Bh5 Nxd3 26. Qh3 Nxe1 27. Rxe1 Kg8 28. Ng3 Rc2 29. Rd1 Rac8 30. Bf3 Bb4 31. Nxf5 exf5 32. Bxd5+ Kh8 33. Qxf5 Rxd2 0-1

[Event "C'Chartres Blitz op April"]
[Site "Europe Echecs INT"]
[Date "2021.04.10"]
[Round "11"]
[White "Roussat, Fabien"]
[Black "Becue, Herve"]
[Result "0-1"]
[WhiteElo "1681"]
[BlackElo "1886"]
[PlyCount "72"]
[EventDate "2021.04.10"]
[EventType "swiss (blitz)"]
[EventRounds "11"]
[EventCountry "FRA"]
[SourceTitle "CBM 201 Extra"]
[Source "ChessBase"]
[SourceDate "2021.05.31"]
[SourceVersion "1"]
[SourceVersionDate "2021.05.31"]
[SourceQuality "1"]

1. d4 c6 2. e4 d5 3. exd5 cxd5 4. Bd3 Nf6 5. c3 Bg4 6. Qb3 Qc7 7. h3 Bh5 8. g4 Bg6 9. Bb5+ Nfd7 10. Nf3 a6 11. Be2 e6 12. Nbd2 Nc6 13. h4 h5 14. g5 Bd6 15. 0-0 f6 16. c4 dxc4 17. Qxc4 Bf5 18. Re1 0-0 19. Bf1 Rfe8 20. Bg2 Nb6 21. Qb3 Nd5 22. Nc4 Bf4 23. Bxf4 Qxf4 24. Qxb7 Nxd4 25. Nxd4 Qxd4 26. Bxd5 exd5 27. Rxe8+ Rxe8 28. Nd6 Qg4+ 29. Kh2 Qxh4+ 30. Kg1 Qxg5+ 31. Kh2 Qf4+ 32. Kg1 Qxd6 33. Rd1 Re7 34. Qa8+ Kh7 35. Rxd5 Re1+ 36. Kg2 Be4+ 0-1